000 00511cam a2200193ua 4500
020 _c24.25
041 _aeng
_h
082 _a632
_bBAR/TE
100 _aBaruah, H K .
245 _aText book of plant pathology, Part l, ll /
_cH K Baruah.
_hTextual Documents
260 _aNew Delhi :
_bOxford & IBH Publishing company ,
_c1980.
300 _a498 ; .
365 _a24.25
504 _a
700 1 _aAnuradha Baruah, .
700 1 _aParukutty Baruah, .
942 _cBK
999 _c2708
_d2708